Genetics of organophosphate resistance in the two spotted spider mite. (Record no. 22250)

MARC details
000 -LEADER
fixed length control field 00448nam a2200133Ia 4500
082 ## - DEWEY DECIMAL CLASSIFICATION NUMBER
Classification number 595.42:575
Item number SCH
100 ## - MAIN ENTRY--AUTHOR NAME
Personal name SCHULTEN, G G M
245 #0 - TITLE STATEMENT
Title Genetics of organophosphate resistance in the two spotted spider mite.
260 ## - PUBLICATION, DISTRIBUTION, ETC. (IMPRINT)
Place of publication Amsterdam
Name of publisher Kuniniklijk Institut
Year of publication 1968
490 ## - SERIES STATEMENT
Series statement Communication of the department of agricultural research; 57.
650 ## - SUBJECT ADDED ENTRY--TOPICAL TERM
Topical Term Spider mites genetics
942 ## - ADDED ENTRY ELEMENTS (KOHA)
Koha item type Books
Holdings
Withdrawn status Lost status Damaged status Not for loan Home library Current library Date acquired Full call number Accession Number Koha item type
        RRII Library RRII Library 16/12/2021 595.42:575 SCH 02972 Books